Business information systems : (Record no. 11441)

MARC details
000 -LEADER
fixed length control field 01367cam a22003254a 4500
001 - CONTROL NUMBER
control field 15286215
005 - DATE AND TIME OF LATEST TRANSACTION
control field 20081218094517.0
008 - FIXED-LENGTH DATA ELEMENTS--GENERAL INFORMATION
fixed length control field 080502s2008 enka b 001 0 eng
010 ## - LIBRARY OF CONGRESS CONTROL NUMBER
LC control number 2008020331
020 ## - INTERNATIONAL STANDARD BOOK NUMBER
International Standard Book Number 9780273713821 (pbk.)
040 ## - CATALOGING SOURCE
Original cataloging agency DLC
Transcribing agency DLC
Modifying agency DLC
050 00 - LIBRARY OF CONGRESS CALL NUMBER
Classification number HF5548.2
Item number .C88 2008
082 00 - DEWEY DECIMAL CLASSIFICATION NUMBER
Classification number 658.403801
Edition number 22
Item number CUR
100 1# - MAIN ENTRY--PERSONAL NAME
Personal name Curtis, Graham.
9 (RLIN) 4349
245 10 - TITLE STATEMENT
Title Business information systems :
Remainder of title Analysis, Design, and Practice /
Statement of responsibility, etc Graham Curtis and David Cobham.
250 ## - EDITION STATEMENT
Edition statement 6th ed.
260 ## - PUBLICATION, DISTRIBUTION, ETC. (IMPRINT)
Place of publication, distribution, etc Harlow ;
-- England :
Name of publisher, distributor, etc Pearson Education,
Date of publication, distribution, etc 2008.
300 ## - PHYSICAL DESCRIPTION
Extent xxiii, 695 p. :
Other physical details ill. ;
Dimensions 25 cm.
504 ## - BIBLIOGRAPHY, ETC. NOTE
Bibliography, etc Includes bibliographical references and index.
650 #0 - SUBJECT ADDED ENTRY--TOPICAL TERM
Topical term or geographic name as entry element Business
General subdivision Data processing.
9 (RLIN) 4350
650 #0 - SUBJECT ADDED ENTRY--TOPICAL TERM
Topical term or geographic name as entry element Information storage and retrieval systems
General subdivision Business.
9 (RLIN) 4351
650 #0 - SUBJECT ADDED ENTRY--TOPICAL TERM
Topical term or geographic name as entry element Management information systems.
9 (RLIN) 4352
650 #0 - SUBJECT ADDED ENTRY--TOPICAL TERM
Topical term or geographic name as entry element System design.
9 (RLIN) 4353
650 #0 - SUBJECT ADDED ENTRY--TOPICAL TERM
Topical term or geographic name as entry element System analysis.
9 (RLIN) 4354
650 #0 - SUBJECT ADDED ENTRY--TOPICAL TERM
Topical term or geographic name as entry element Expert systems (Computer science)
9 (RLIN) 4355
700 1# - ADDED ENTRY--PERSONAL NAME
Personal name Cobham, David P.
9 (RLIN) 4356
942 ## - ADDED ENTRY ELEMENTS (KOHA)
Source of classification or shelving scheme Dewey Decimal Classification
Item type Book - Borrowing
Holdings
Withdrawn status Item status Source of classification or shelving scheme Damaged status Not for loan Vendor Home library Current library Shelving location Date acquired Source of acquisition Cost, normal purchase price Serial Enumeration / chronology Total Checkouts Total Renewals Full call number Barcode Date last seen Date last borrowed Koha item type
    Dewey Decimal Classification     Baccah Central Library Central Library First floor 27/04/2009   224.00 7073 2 4 658.403801 CUR 000015571 15/07/2025 22/11/2010 Book - Borrowing